Statystyki dla 10 najlepszych zawodników reprezentacji Francji!

Kliknij tutaj aby rozwiązać quiz!

Ogólne statystyki

  • Ten quiz został rozwiązany 302 razy
  • Średni wynik to 5 z 10

Statystyki odpowiedzi

HintOdpowiedź% Poprawnych
6.Mbappe
88%
2.Zidane
64%
9.Griezmann
59%
1.Henry
59%
5.Benzema
54%
7.Platini
34%
10.Trezeguet
31%
4.Vieira
28%
3.Desailly
21%
8.Thuram
18%

Rozkład punktacji

Percentyl według liczby udzielonych odpowiedzi

Procent ludzi z każdym wynikiem

Twoja historia wyników

Nie rozwiązałeś tego quizu